| 000 | 00745cab a2200241 4500 | ||
|---|---|---|---|
| 001 | WB3311-22 | ||
| 008 | 090401t1997 xxu||||| |||| 00| 0 eng d | ||
| 035 | _a(Sirsi) u77054 | ||
| 041 | _aeng | ||
| 245 | _aRight to charge for access | ||
| 260 | _c1997 | ||
| 350 | _a0 | ||
| 490 |
_aTimes _v8 March 1997, 5(1) |
||
| 520 | _aThe High Court has ruled that residents of homes built on an ancient common must pay the Lord of the Manor whatever he asks in order to cross his land to reach their homes. | ||
| 650 | _aACCESS RIGHTS | ||
| 650 | _aCOMMON LAND | ||
| 650 | _aHARTLEY RUSSELL | ||
| 650 | _aRIGHTS OF WAY | ||
| 650 | _aVEHICULAR ACCESS | ||
| 690 | _aHIGHWAYS RIGHTS OF WAY AND EASEMENTS | ||
| 942 | _n0 | ||
| 948 | _c12/03/1997 | ||
| 999 |
_c48421 _d48421 |
||